[Event "Rheinland Pfalz Seniors op 21st"]
[Site "Altenkirchen"]
[Date "2024.09.09"]
[Round "7"]
[White "Platten, Herbert"]
[Black "Schmidt, Waldemar"]
[Result "0-1"]
[WhiteElo "1781"]
[BlackElo "1906"]
[PlyCount "74"]
[EventDate "2024.09.03"]
[EventType "swiss"]
[EventRounds "9"]
[EventCountry "GER"]
[SourceTitle "EXT 2025"]
[Source "ChessBase"]
[SourceDate "2024.10.14"]
[SourceVersion "1"]
[SourceVersionDate "2024.10.14"]
[SourceQuality "1"]

1. d4 g6 2. c4 c5 3. d5 Bg7 4. e4 d6 5. Nc3 Na6 6. a3 f5 7. exf5 Bxf5 8. Bd3 Bd7 9. Nf3 Nf6 10. 0-0 0-0 11. Re1 Nc7 12. Qc2 a6 13. Ng5 b5 14. Ne6 Bxe6 15. dxe6 bxc4 16. Bxc4 d5 17. Rd1 Qd6 18. Qe2 Rad8 19. Bg5 Qc6 20. Bxf6 Bxf6 21. Nxd5 Nxd5 22. Qe4 Bd4 23. Rxd4 cxd4 24. b3 Rd6 25. Rd1 Nb6 26. Qh4 Nxc4 27. Rc1 Rxe6 28. f3 Qb6 29. bxc4 d3+ 30. c5 d2 31. Qc4 dxc1Q+ 32. Qxc1 Qb3 33. Kf2 Qa2+ 34. Kg3 Re2 35. Kh4 Rxg2 36. c6 Qf2+ 37. Kh3 Rxf3# 0-1

[Event "Rheinland Pfalz Seniors op 21st"]
[Site "Altenkirchen"]
[Date "2024.09.05"]
[Round "3"]
[White "Schmidt, Waldemar"]
[Black "Schomann, Michael"]
[Result "1/2-1/2"]
[WhiteElo "1906"]
[BlackElo "1757"]
[PlyCount "276"]
[EventDate "2024.09.03"]
[EventType "swiss"]
[EventRounds "9"]
[EventCountry "GER"]
[SourceTitle "EXT 2025"]
[Source "ChessBase"]
[SourceDate "2024.10.14"]
[SourceVersion "1"]
[SourceVersionDate "2024.10.14"]
[SourceQuality "1"]

1. g3 Nc6 2. c4 e5 3. Nc3 d6 4. b3 Nf6 5. Bg2 Be6 6. Nf3 g6 7. Bb2 Bg7 8. Ng5 Qd7 9. e3 h6 10. Nxe6 Qxe6 11. 0-0 0-0 12. f4 exf4 13. gxf4 Qg4 14. Rf3 Ne4 15. d4 Nxc3 16. Bxc3 Ne7 17. b4 c6 18. Qb3 d5 19. c5 Qd7 20. Bh3 Qc7 21. Qc2 Rae8 22. Raf1 Kh8 23. Qg2 Nf5 24. Bxf5 gxf5 25. Rg3 Rg8 26. Rff3 Bf6 27. Qh3 Rxg3+ 28. Rxg3 Bg7 29. Qxf5 Rg8 30. Kf2 Qe7 31. b5 Bf6 32. Rh3 Bh4+ 33. Kf3 Rg6 34. a4 cxb5 35. axb5 Re6 36. Bd2 Be1 37. Ke2 Bxd2 38. Kxd2 Qe8 39. Qd3 Qd8 40. Ke2 Qa5 41. f5 Rf6 42. Rf3 Qa2+ 43. Qd2 Qc4+ 44. Qd3 Qa2+ 45. Ke1 Qxh2 46. Rf2 Qh1+ 47. Kd2 Qg1 48. Rf1 Qg2+ 49. Ke1 Qg3+ 50. Kd1 Qg4+ 51. Kc1 h5 52. Rf4 Qg5 53. Qf1 h4 54. Kd2 Qg3 55. Rf3 Qg5 56. Qf2 Rh6 57. Qh2 Kh7 58. Qh3 Qg1 59. Rf1 Qg5 60. Kd3 Qg8 61. Qf3 Qe8 62. Qxd5 Qxb5+ 63. Qc4 Qxc4+ 64. Kxc4 h3 65. e4 h2 66. Rh1 Kg7 67. e5 Kf8 68. f6 Ke8 69. Kb5 Kd7 70. d5 Rh7 71. Ka5 Rh6 72. Kb5 Rh7 73. Kb4 Rh4+ 74. Kc3 Rh3+ 75. Kd4 Rh4+ 76. Kd3 Rh3+ 77. Kd2 Rh5 78. e6+ fxe6 79. d6 Rxc5 80. Rxh2 Rf5 81. Rh7+ Kxd6 82. Rxb7 Rxf6 83. Rxa7 Rf5 84. Ke3 e5 85. Ra5 Rf4 86. Ra8 Kd5 87. Rc8 Rh4 88. Rd8+ Kc4 89. Ra8 Kd5 90. Ke2 Rh3 91. Ra5+ Ke4 92. Ra4+ Kf5 93. Kf2 e4 94. Ra8 e3+ 95. Ke2 Ke4 96. Ra4+ Kd5 97. Rf4 Ke5 98. Rg4 Kf5 99. Rg8 Ke4 100. Rg2 Kf4 101. Rg8 Rh2+ 102. Ke1 e2 103. Kd2 Kf3 104. Re8 Kf2 105. Rf8+ Kg1 106. Ke1 Rg2 107. Rf3 Kh2 108. Re3 Rg1+ 109. Kxe2 Kg2 110. Re8 Ra1 111. Rg8+ Kh3 112. Kd3 Ra3+ 113. Kc4 Ra4+ 114. Kd3 Rg4 115. Rf8 Kg3 116. Ke3 Kh4 117. Kf3 Rg5 118. Rh8+ Rh5 119. Rg8 Rf5+ 120. Ke4 Rg5 121. Rh8+ Rh5 122. Rf8 Rg5 123. Rf3 Rg4+ 124. Kf5 Rg5+ 125. Kf6 Rg8 126. Kf7 Rg4 127. Kf6 Rg3 128. Rf2 Kh3 129. Kf5 Rg4 130. Re2 Rg3 131. Re7 Rf3+ 132. Ke4 Kg2 133. Re6 Kf2 134. Ra6 Re3+ 135. Kf4 Rf3+ 136. Kg4 Rg3+ 137. Kh4 Rg8 138. Ra3 Rh8+ 1/2-1/2

[Event "Rheinland Pfalz Seniors op 21st"]
[Site "Altenkirchen"]
[Date "2024.09.03"]
[Round "1"]
[White "Schmidt, Waldemar"]
[Black "Pfaff, Helmut"]
[Result "1-0"]
[WhiteElo "1906"]
[BlackElo "1513"]
[PlyCount "91"]
[EventDate "2024.09.03"]
[EventType "swiss"]
[EventRounds "9"]
[EventCountry "GER"]
[SourceTitle "EXT 2025"]
[Source "ChessBase"]
[SourceDate "2024.10.14"]
[SourceVersion "1"]
[SourceVersionDate "2024.10.14"]
[SourceQuality "1"]

1. g3 d5 2. c4 e6 3. Bg2 Nf6 4. Nf3 Bd6 5. Qb3 0-0 6. Nc3 c6 7. d3 Nbd7 8. h3 a5 9. a3 Ne5 10. Nd2 d4 11. Nce4 Nxe4 12. Nxe4 Be7 13. f4 a4 14. Qc2 Nd7 15. h4 f5 16. Ng5 Nc5 17. Bd2 Nb3 18. Rd1 Nxd2 19. Qxd2 Qa5 20. Nf3 Qxd2+ 21. Kxd2 c5 22. Rhe1 Bd7 23. e3 Rab8 24. exd4 b5 25. cxb5 Rxb5 26. Rb1 Rfb8 27. Kc2 Rb3 28. Ne5 Bb5 29. Bc6 cxd4 30. Bxb5 R8xb5 31. Nc4 Rd5 32. Rxe6 Rd7 33. Ra6 Bf8 34. Re1 Rbb7 35. Ra8 Kf7 36. Ne5+ Kg8 37. Nxd7 Rxd7 38. Ree8 Kf7 39. Rxf8+ Kg6 40. Ra5 Rc7+ 41. Kd1 Rf7 42. h5+ Kf6 43. Ra6+ Ke7 44. Rb8 Rf8 45. Rb7+ Kd8 46. Ra8# 1-0

[Event "Rheinland Pfalz op 14th"]
[Site "Neuwied"]
[Date "2024.05.30"]
[Round "2"]
[White "Cornelisse, Johnny JA"]
[Black "Schmidt, Waldemar"]
[Result "1-0"]
[WhiteElo "2166"]
[BlackElo "1894"]
[PlyCount "41"]
[EventDate "2024.05.30"]
[EventType "swiss"]
[EventRounds "7"]
[EventCountry "GER"]
[SourceTitle "EXT 2025"]
[Source "ChessBase"]
[SourceDate "2024.10.14"]
[SourceVersion "1"]
[SourceVersionDate "2024.10.14"]
[SourceQuality "1"]

1. Nf3 d5 2. g3 Nd7 3. d4 e6 4. Bg2 c5 5. c3 Be7 6. 0-0 h5 7. h4 Nh6 8. Ng5 Nf5 9. e4 dxe4 10. d5 Bxg5 11. Bxg5 Qb6 12. dxe6 fxe6 13. Bxe4 Kf7 14. Na3 g6 15. Nc4 Qc7 16. Qe2 Nf6 17. Bf4 Qd8 18. Rad1 Qg8 19. Bxf5 gxf5 20. Qe5 b6 21. Qc7+ 1-0

[Event "SVR-op"]
[Site "Heimbach Weis"]
[Date "2014.04.12"]
[Round "2"]
[White "Schmidt, Waldemar"]
[Black "Hanusch, Andreas"]
[Result "0-1"]
[WhiteElo "1794"]
[BlackElo "1483"]
[PlyCount "122"]
[EventDate "2014.04.11"]
[EventType "swiss"]
[EventRounds "7"]
[EventCountry "GER"]
[SourceTitle "CBM 160 Extra"]
[Source "ChessBase"]
[SourceDate "2014.07.01"]
[SourceVersion "1"]
[SourceVersionDate "2014.07.01"]
[SourceQuality "1"]

1. f4 c5 2. Nf3 Nf6 3. d3 d5 4. g3 Nc6 5. Bg2 e6 6. 0-0 Be7 7. c3 0-0 8. Qc2 d4 9. e4 dxe3 10. Bxe3 Ng4 11. Bc1 Qc7 12. h3 Nf6 13. Nbd2 Nd5 14. Ne4 f5 15. Nf2 Rb8 16. a4 Bf6 17. Re1 Re8 18. Bd2 Re7 19. Re2 Bd7 20. Rae1 Rbe8 21. d4 cxd4 22. Ne5 Ne3 23. Bxe3 dxe3 24. Rxe3 Nxe5 25. fxe5 Bg5 26. Rd3 Bc6 27. h4 Bh6 28. Rd6 Bxg2 29. Kxg2 Rd7 30. Red1 Rxd6 31. Rxd6 Kf7 32. Qd3 Re7 33. g4 g6 34. b4 Qc8 35. g5 Bg7 36. Qd4 b6 37. b5 Rc7 38. Nd3 Bf8 39. Rd8 Qb7+ 40. Kg3 Be7 41. Rd6 Qc8 42. a5 Rc4 43. Qe3 Re4 44. Qf3 Bxd6 45. exd6 Qxc3 46. axb6 axb6 47. Kg2 Qd2+ 48. Nf2 Rg4+ 49. Kh3 Qd5 50. Qxd5 exd5 51. d7 Ke7 52. d8Q+ Kxd8 53. Nxg4 fxg4+ 54. Kxg4 Ke7 55. h5 Ke6 56. hxg6 hxg6 57. Kf3 Ke5 58. Ke3 d4+ 59. Kf3 Kf5 60. Ke2 Ke4 61. Ke1 Kd5 0-1

[Event "SVR-op 35th"]
[Site "Nickenich"]
[Date "2012.03.31"]
[Round "2"]
[White "Racke, Dana"]
[Black "Schmidt, Waldemar"]
[Result "0-1"]
[WhiteElo "1350"]
[BlackElo "2029"]
[PlyCount "58"]
[EventDate "2012.03.30"]
[EventType "swiss"]
[EventRounds "7"]
[EventCountry "GER"]
[SourceTitle "EXT 2013"]
[Source "ChessBase"]
[SourceDate "2012.11.22"]
[SourceVersion "1"]
[SourceVersionDate "2012.11.22"]
[SourceQuality "1"]

1. Nf3 d5 2. d4 c6 3. g3 Na6 4. c4 e6 5. Bg2 dxc4 6. Nc3 Nf6 7. Ne5 Bb4 8. 0-0 Bxc3 9. bxc3 Nd5 10. Ba3 Nxc3 11. Qc2 Nb5 12. Nxc4 Nxa3 13. Nxa3 0-0 14. Rad1 Bd7 15. e4 Qe7 16. Nc4 f6 17. Rfe1 Rae8 18. Qb2 b5 19. Ne3 Nc7 20. Qb3 Kh8 21. d5 cxd5 22. exd5 exd5 23. Bxd5 a6 24. Qd3 Nxd5 25. Qxd5 Bc8 26. Nc2 Qc7 27. Rxe8 Rxe8 28. Nb4 Bb7 29. Qd7 Re1+ 0-1

[Event "SVR-op 33rd"]
[Site "Mendig"]
[Date "2010.04.03"]
[Round "7"]
[White "Schmidt, Waldemar"]
[Black "Baumann, Bettina"]
[Result "0-1"]
[WhiteElo "2023"]
[BlackElo "1582"]
[PlyCount "82"]
[EventDate "2010.03.27"]
[EventType "swiss"]
[EventRounds "7"]
[EventCountry "GER"]
[SourceTitle "EXT 2011"]
[Source "ChessBase"]
[SourceDate "2010.11.26"]
[SourceVersion "1"]
[SourceVersionDate "2010.11.26"]
[SourceQuality "1"]

1. e4 c5 2. d4 cxd4 3. Qxd4 Nc6 4. Qd3 Nf6 5. Nf3 Qc7 6. c3 e6 7. g3 Be7 8. Bg2 0-0 9. Bf4 d6 10. Na3 a6 11. 0-0 b5 12. Rad1 Rd8 13. Qe2 Bb7 14. Nd2 e5 15. Be3 Bc8 16. f3 Be6 17. Nb3 d5 18. Rd2 dxe4 19. Rxd8+ Rxd8 20. fxe4 Bxa3 21. Rxf6 gxf6 22. bxa3 Qd7 23. Bf1 Qd1 24. Qf2 Bc4 25. Nc5 Bxf1 26. Qxf1 Qxf1+ 27. Kxf1 Rd1+ 28. Ke2 Ra1 29. Nxa6 Rxa2+ 30. Kf3 Rxa3 31. Nc7 Rxc3 32. Nd5 Nd4+ 33. Kg4 Rxe3 34. Nxe3 Kg7 35. Kh5 b4 36. Nc4 b3 37. h4 Ne6 38. Kg4 Nc5 39. Nd2 b2 40. Kf3 Kg6 41. g4 h5 0-1

[Event "SVR-op 33rd"]
[Site "Mendig"]
[Date "2010.04.02"]
[Round "6"]
[White "Melnikov, Valeri"]
[Black "Schmidt, Waldemar"]
[Result "1-0"]
[WhiteElo "1844"]
[BlackElo "2023"]
[PlyCount "45"]
[EventDate "2010.03.27"]
[EventType "swiss"]
[EventRounds "7"]
[EventCountry "GER"]
[SourceTitle "EXT 2011"]
[Source "ChessBase"]
[SourceDate "2010.11.26"]
[SourceVersion "1"]
[SourceVersionDate "2010.11.26"]
[SourceQuality "1"]

1. e4 c5 2. Nf3 d6 3. d4 cxd4 4. Nxd4 Nf6 5. Nc3 a6 6. Bg5 e6 7. f4 Be7 8. Qf3 Qc7 9. 0-0-0 Nc6 10. Nxc6 bxc6 11. e5 dxe5 12. fxe5 Nd5 13. Bxe7 Kxe7 14. Qg3 Kf8 15. Bc4 Ne7 16. Rhf1 h5 17. Ne4 Rh6 18. Nd6 Nf5 19. Rxf5 exf5 20. Nxf7 Be6 21. Nxh6 Bxc4 22. Nxf5 Re8 23. Nd6 1-0

[Event "Ulm/Neu Ulm-ch"]
[Site "Ulm/Neu Ulm"]
[Date "2009.11.30"]
[Round "4"]
[White "Krauss, Rainer"]
[Black "Schmidt, Waldemar"]
[Result "1-0"]
[WhiteElo "1726"]
[BlackElo "1689"]
[PlyCount "101"]
[EventDate "2009.09.18"]
[EventType "swiss"]
[EventRounds "5"]
[EventCountry "GER"]
[SourceTitle "EXT 2011"]
[Source "ChessBase"]
[SourceDate "2010.11.26"]
[SourceVersion "1"]
[SourceVersionDate "2010.11.26"]
[SourceQuality "1"]

1. e4 c5 2. Nf3 d6 3. d4 cxd4 4. Nxd4 Nf6 5. Nc3 a6 6. Bg5 Nbd7 7. Bc4 g6 8. 0-0 Bg7 9. Re1 0-0 10. Qd2 Re8 11. Rad1 Qc7 12. Bb3 Nc5 13. Bxf6 exf6 14. Bd5 Rb8 15. Nb3 b5 16. a3 f5 17. Nxc5 Qxc5 18. exf5 Bxf5 19. Rxe8+ Rxe8 20. Re1 Rxe1+ 21. Qxe1 Kf8 22. Bb3 a5 23. Nd5 Be6 24. Qxa5 Bd4 25. Qd8+ Kg7 26. Nc7 Bxb3 27. Ne8+ Kh6 28. Qh4+ Qh5 29. Qxh5+ Kxh5 30. cxb3 Be5 31. Nc7 b4 32. a4 Bxb2 33. a5 Bd4 34. Nb5 Bc5 35. a6 Kg5 36. a7 Bxa7 37. Nxa7 Kf5 38. Nc6 Ke4 39. Nxb4 Kd4 40. Nc6+ Kc5 41. Nd8 f5 42. Kf1 Kb4 43. Ke2 Kxb3 44. Kd3 Kb2 45. Nf7 d5 46. Ng5 h6 47. Nf7 Kc1 48. Nxh6 Kd1 49. g4 fxg4 50. Nxg4 Ke1 51. h4 1-0

[Event "Ulm/Neu Ulm-ch"]
[Site "Ulm/Neu Ulm"]
[Date "2007.12.14"]
[Round "7"]
[White "Schmidt, Waldemar"]
[Black "Loos, Tobias"]
[Result "1-0"]
[WhiteElo "1603"]
[BlackElo "1352"]
[PlyCount "81"]
[EventDate "2007.09.21"]
[EventType "swiss"]
[EventRounds "7"]
[EventCountry "GER"]
[SourceTitle "EXT 2011"]
[Source "ChessBase"]
[SourceDate "2010.11.26"]
[SourceVersion "1"]
[SourceVersionDate "2010.11.26"]
[SourceQuality "1"]

1. d4 e6 2. Bf4 d5 3. Nf3 Nf6 4. h3 c5 5. dxc5 Bxc5 6. e3 0-0 7. Be2 Nc6 8. 0-0 a6 9. Nbd2 Re8 10. Ne5 Bd6 11. Nxc6 bxc6 12. Bxd6 Qxd6 13. Nf3 a5 14. b3 Ne4 15. Bd3 Nc3 16. Qd2 Qc5 17. Nd4 Ba6 18. Ne2 Bxd3 19. Qxd3 Ne4 20. c4 Rec8 21. Rfc1 Qb6 22. Nc3 Nxc3 23. Qxc3 Qb4 24. Qd4 a4 25. cxd5 Qxd4 26. exd4 cxd5 27. b4 Rc4 28. Rxc4 dxc4 29. Rc1 Rc8 30. Rc3 Kf8 31. b5 Ke7 32. b6 Kd6 33. b7 Rb8 34. Rxc4 Rxb7 35. Rxa4 Kd5 36. Kf1 Rc7 37. Ke2 Ke4 38. f3+ Kd5 39. Kd3 e5 40. Ra5+ Ke6 41. Rxe5+ 1-0

[Event "Ulm/Neu Ulm-ch"]
[Site "Ulm/Neu Ulm"]
[Date "2007.09.21"]
[Round "1"]
[White "Anistratov, Dmitrij"]
[Black "Schmidt, Waldemar"]
[Result "1-0"]
[WhiteElo "2314"]
[BlackElo "1603"]
[PlyCount "49"]
[EventDate "2007.09.21"]
[EventType "swiss"]
[EventRounds "7"]
[EventCountry "GER"]
[SourceTitle "EXT 2011"]
[Source "ChessBase"]
[SourceDate "2010.11.26"]
[SourceVersion "1"]
[SourceVersionDate "2010.11.26"]
[SourceQuality "1"]

1. e4 c6 2. d4 d5 3. e5 Bf5 4. Nc3 e6 5. g4 Bg6 6. Nge2 Bb4 7. h4 h5 8. Nf4 Ne7 9. Nxg6 Nxg6 10. gxh5 Nxh4 11. Bd3 g6 12. hxg6 Nxg6 13. Rxh8+ Nxh8 14. Qh5 Kd7 15. Bg5 Be7 16. Bxe7 Kxe7 17. 0-0-0 Qg8 18. f4 Na6 19. a3 Ng6 20. Rg1 Qh8 21. Bxg6 fxg6 22. Qxg6 Rf8 23. Ne2 Rf7 24. Ng3 Rg7 25. Nf5+ 1-0

[Event "SVR-op 30th"]
[Site "Nickenich"]
[Date "2007.04.01"]
[Round "3"]
[White "Liesenfeld, Holger"]
[Black "Schmidt, Waldemar"]
[Result "0-1"]
[WhiteElo "1874"]
[BlackElo "2107"]
[PlyCount "50"]
[EventDate "2007.03.31"]
[EventType "swiss"]
[EventRounds "7"]
[EventCountry "GER"]
[SourceTitle "EXT 2009"]
[Source "ChessBase"]
[SourceDate "2008.11.26"]
[SourceVersion "1"]
[SourceVersionDate "2008.11.26"]
[SourceQuality "1"]

1. Nf3 Nf6 2. c4 c5 3. g3 Nc6 4. Bg2 e5 5. d3 h6 6. 0-0 Be7 7. Nbd2 0-0 8. a3 a5 9. b3 d5 10. cxd5 Nxd5 11. Bb2 f6 12. Rc1 Be6 13. Nh4 Qe8 14. e4 Nc7 15. f4 Nb5 16. f5 Bf7 17. Nhf3 Nbd4 18. Nxd4 cxd4 19. Nc4 Ra6 20. Qd2 b5 21. Nxa5 Nxa5 22. Rc7 Bxb3 23. Rfc1 Bd6 24. Rc8 Qxc8 25. Rxc8 Rxc8 0-1

[Event "SVR-op 30th"]
[Site "Nickenich"]
[Date "2007.03.31"]
[Round "2"]
[White "Schmidt, Waldemar"]
[Black "Senger, Peter"]
[Result "1-0"]
[WhiteElo "2107"]
[BlackElo "1627"]
[PlyCount "94"]
[EventDate "2007.03.31"]
[EventType "swiss"]
[EventRounds "7"]
[EventCountry "GER"]
[SourceTitle "EXT 2009"]
[Source "ChessBase"]
[SourceDate "2008.11.26"]
[SourceVersion "1"]
[SourceVersionDate "2008.11.26"]
[SourceQuality "1"]

1. d4 g6 2. e4 Bg7 3. c4 c6 4. Nc3 e6 5. e5 d6 6. exd6 Qxd6 7. Nf3 Ne7 8. g3 0-0 9. Bf4 Qb4 10. Qc2 Nd5 11. cxd5 cxd5 12. a3 Qb6 13. Nb5 a6 14. Nc7 Ra7 15. Bg2 Nc6 16. 0-0 Bd7 17. Bd6 Rc8 18. Qc5 Qa5 19. b4 Qa4 20. Rfc1 b5 21. Qb6 Rb8 22. Rxc6 Rxb6 23. Rxb6 h5 24. Rb8+ Kh7 25. Ng5+ Kh6 26. Nxf7+ Kh7 27. Ne5 Qc2 28. Ne8 Qb2 29. Re1 Bxe8 30. Rxe8 Qxd4 31. Rxe6 Bxe5 32. Bxe5 Qd2 33. Bf4 Qd3 34. R6e3 Qc4 35. Bf1 Qc6 36. Bd3 Rg7 37. h4 Qd7 38. Re5 Kh8 39. Bh6 Rg8 40. Re6 Qf7 41. Kg2 Qc7 42. Bg5 Rf8 43. Re8 Qf7 44. Rxf8+ Qxf8 45. Bxg6 Kg7 46. Bxh5 d4 47. Re7+ Kh8 1-0

[Event "SVR-ch HT 29th"]
[Site "Koblenz"]
[Date "2006.04.08"]
[Round "1"]
[White "Voss, Janine"]
[Black "Schmidt, Waldemar"]
[Result "0-1"]
[WhiteElo "1574"]
[BlackElo "2100"]
[PlyCount "120"]
[EventDate "2006.04.08"]
[EventType "swiss"]
[EventRounds "7"]
[EventCountry "GER"]
[SourceTitle "EXT 2009"]
[Source "ChessBase"]
[SourceDate "2008.11.26"]
[SourceVersion "1"]
[SourceVersionDate "2008.11.26"]
[SourceQuality "1"]

1. e4 c5 2. Nf3 Nc6 3. d4 cxd4 4. Nxd4 e5 5. Nb5 d6 6. N1c3 a6 7. Na3 b5 8. Nd5 Be6 9. c4 b4 10. Nc2 Rb8 11. Be2 Nf6 12. Bg5 Be7 13. Bxf6 Bxf6 14. 0-0 Bg5 15. b3 0-0 16. Qd3 f5 17. Bf3 a5 18. exf5 Bxf5 19. Be4 Qd7 20. Rad1 h6 21. Bxf5 Qxf5 22. Qxf5 Rxf5 23. Nc7 Be7 24. Nd5 Bf8 25. Rfe1 Rb7 26. Rd2 g5 27. Red1 h5 28. Kf1 g4 29. Kg1 Rg7 30. Rd3 Rg6 31. R3d2 h4 32. Re2 Bh6 33. g3 h3 34. Nb6 Rf3 35. Nd5 Kf7 36. Kf1 Ke6 37. Kg1 Rg8 38. Kf1 Bg5 39. Kg1 Kd7 40. Nb6+ Kc7 41. Nd5+ Kb7 42. Nde3 Bxe3 43. Rxe3 Rf6 44. Red3 Rgg6 45. Re1 Kc7 46. Ne3 Rf3 47. Nd5+ Kd7 48. Rxf3 gxf3 49. Kf1 Nd4 50. Rd1 Ke6 51. Ke1 Rg4 52. Kd2 Re4 53. Ne3 Ne2 54. Ra1 Rd4+ 55. Kc2 e4 56. Rd1 Rxd1 57. Nxd1 Nc3 58. a3 Nxd1 59. Kxd1 bxa3 60. Kc2 e3 0-1

[Event "Koblenz-ch"]
[Site "Koblenz"]
[Date "2004.11.09"]
[Round "6"]
[White "Moors, Marco"]
[Black "Schmidt, Waldemar"]
[Result "1-0"]
[WhiteElo "1763"]
[BlackElo "2061"]
[PlyCount "105"]
[EventDate "2004.09.21"]
[EventType "swiss"]
[EventRounds "7"]
[EventCountry "GER"]
[SourceTitle "EXT 2005"]
[Source "ChessBase"]
[SourceDate "2004.11.15"]
[SourceVersion "1"]
[SourceVersionDate "2004.11.15"]
[SourceQuality "1"]

1. d4 d5 2. c4 e6 3. Nc3 c6 4. cxd5 exd5 5. Nf3 Nf6 6. Bg5 Nbd7 7. e3 Qa5 8. Nd2 Ne4 9. Ncxe4 dxe4 10. Bh4 h5 11. Qc2 f5 12. Bc4 Nf6 13. Bxf6 gxf6 14. 0-0-0 b5 15. Bb3 Bb7 16. Be6 Bb4 17. Bxf5 Qxa2 18. Bxe4 0-0-0 19. Nb3 Kb8 20. Nc5 Ba8 21. Qb3 Qa5 22. Qxb4 Qxb4 23. Na6+ Kb7 24. Nxb4 Kb6 25. Nd3 a5 26. Kd2 Bb7 27. Rc1 Rhe8 28. Bf3 Rh8 29. h4 f5 30. Rc3 Rdf8 31. Ne5 Rh7 32. Bxc6 Bxc6 33. Rxc6+ Kb7 34. Rc5 Kb6 35. g3 Ra8 36. Rhc1 a4 37. Nd3 a3 38. bxa3 Rxa3 39. Rxf5 Ra2+ 40. Rc2 Ra3 41. Rb2 Ra5 42. Rf6+ Kc7 43. e4 Rd7 44. Ke3 Ra4 45. d5 Ra3 46. Rxb5 Rd6 47. Rxd6 Kxd6 48. e5+ Ke7 49. Rb7+ Kf8 50. d6 Ra8 51. e6 Re8 52. e7+ Kf7 53. Rd7 1-0

[Event "Koblenz-ch"]
[Site "Koblenz"]
[Date "2004.09.21"]
[Round "1"]
[White "Senger, Alexander"]
[Black "Schmidt, Waldemar"]
[Result "0-1"]
[WhiteElo "1561"]
[BlackElo "2061"]
[PlyCount "98"]
[EventDate "2004.09.21"]
[EventType "swiss"]
[EventRounds "7"]
[EventCountry "GER"]
[SourceTitle "EXT 2005"]
[Source "ChessBase"]
[SourceDate "2004.11.15"]
[SourceVersion "1"]
[SourceVersionDate "2004.11.15"]
[SourceQuality "1"]

1. e4 c5 2. Nf3 d6 3. c3 e5 4. Be2 Nf6 5. 0-0 Nxe4 6. Qa4+ Nc6 7. Qxe4 Be6 8. d4 d5 9. Qc2 e4 10. Ne5 Nxe5 11. dxe5 a6 12. f4 g6 13. Be3 Qc7 14. Rd1 Rd8 15. Rd2 Rc8 16. Qd1 h5 17. a4 Rd8 18. Na3 d4 19. cxd4 cxd4 20. Rxd4 Rc8 21. Rc1 Bc5 22. Rxc5 Qxc5 23. Rd8+ Rxd8 24. Bxc5 Rxd1+ 25. Bxd1 Kd7 26. a5 Bd5 27. Be2 Rc8 28. b4 Ke6 29. Bc4 Rc7 30. Kf2 g5 31. g3 g4 32. Ke3 Rd7 33. Bd6 f5 34. Kd4 Bxc4 35. Nxc4 h4 36. Nb6 hxg3 37. hxg3 Rh7 38. Nd5 Rh2 39. Nc7+ Kd7 40. Kc5 Rc2+ 41. Kb6 e3 42. Bc5 Rxc5 43. e6+ Ke7 44. bxc5 e2 45. Kxb7 e1Q 46. Kxa6 Qxg3 47. c6 Qd3+ 48. Kb6 g3 49. a6 g2 0-1

[Event "Rheinland-ch MAT B"]
[Site "Koblenz"]
[Date "2003.04.19"]
[Round "9"]
[White "Schmidt, Waldemar"]
[Black "Betancourt, Jose Raoul"]
[Result "0-1"]
[WhiteElo "1890"]
[BlackElo "1903"]
[PlyCount "48"]
[EventDate "2003.04.11"]
[EventType "tourn"]
[EventRounds "9"]
[EventCountry "GER"]
[SourceTitle "EXT 2004"]
[Source "ChessBase"]
[SourceDate "2003.11.25"]
[SourceVersion "1"]
[SourceVersionDate "2003.11.25"]
[SourceQuality "1"]

1. e4 c5 2. Nf3 e6 3. d4 cxd4 4. Nxd4 a6 5. Nc3 Qc7 6. Be2 Bb4 7. Bd2 Nf6 8. Bf3 Nc6 9. Nxc6 bxc6 10. 0-0 Be7 11. Rc1 d5 12. Be3 Bb7 13. Re1 0-0 14. Bg5 h6 15. Bh4 Nxe4 16. Nxe4 Bxh4 17. Nc5 Be7 18. Nxb7 Qxb7 19. b3 Ba3 20. Rb1 Qe7 21. Qd4 Bc5 22. Qd3 Qf6 23. g3 e5 24. Qc3 Bd4 0-1

[Event "Rheinland-ch MAT B"]
[Site "Koblenz"]
[Date "2003.04.17"]
[Round "6"]
[White "Rosselli, Martin"]
[Black "Schmidt, Waldemar"]
[Result "1-0"]
[WhiteElo "1677"]
[BlackElo "1890"]
[PlyCount "71"]
[EventDate "2003.04.11"]
[EventType "tourn"]
[EventRounds "9"]
[EventCountry "GER"]
[SourceTitle "EXT 2004"]
[Source "ChessBase"]
[SourceDate "2003.11.25"]
[SourceVersion "1"]
[SourceVersionDate "2003.11.25"]
[SourceQuality "1"]

1. e4 c5 2. Nf3 d6 3. d4 cxd4 4. Nxd4 Nf6 5. Nc3 a6 6. Bg5 Qc7 7. f4 e6 8. Qf3 Be7 9. 0-0-0 Nbd7 10. g4 b5 11. Bxf6 gxf6 12. Bd3 Bb7 13. Rhe1 Qb6 14. Qe3 h5 15. Nd5 Qd8 16. Nxe7 Qxe7 17. Qh3 0-0-0 18. gxh5 Nc5 19. Nb3 Nxd3+ 20. cxd3 d5 21. e5 Rh6 22. d4 Kb8 23. Kb1 Rdh8 24. Re2 Rxh5 25. Qg3 fxe5 26. fxe5 Rh3 27. Qf4 R8h4 28. Qd2 Re4 29. Nc5 Reh4 30. Rc1 Ka7 31. Qa5 Rxd4 32. b3 f5 33. Nxa6 Rh7 34. Rc7 Qg5 35. Nb4+ Kb8 36. Nc6+ 1-0

[Event "Rheinland-ch MAT B"]
[Site "Koblenz"]
[Date "2003.04.12"]
[Round "3"]
[White "Buzov, Boris"]
[Black "Schmidt, Waldemar"]
[Result "1-0"]
[WhiteElo "2048"]
[BlackElo "1890"]
[PlyCount "111"]
[EventDate "2003.04.11"]
[EventType "tourn"]
[EventRounds "9"]
[EventCountry "GER"]
[SourceTitle "EXT 2004"]
[Source "ChessBase"]
[SourceDate "2003.11.25"]
[SourceVersion "1"]
[SourceVersionDate "2003.11.25"]
[SourceQuality "1"]

1. e4 c5 2. Nf3 d6 3. Bb5+ Nd7 4. d4 cxd4 5. Qxd4 e5 6. Qd3 a6 7. Bxd7+ Bxd7 8. Nc3 h6 9. Be3 Nf6 10. h3 Be7 11. a4 Bc6 12. a5 Qd7 13. Bb6 Qe6 14. Rd1 Rc8 15. b3 0-0 16. Nd5 Bd8 17. c4 Nd7 18. Bxd8 Rcxd8 19. b4 Kh8 20. 0-0 f5 21. exf5 Rxf5 22. Rfe1 Qf7 23. Re2 Rf8 24. Rdd2 g5 25. Nh2 Kg7 26. Ng4 h5 27. Nh2 Rd8 28. Nf1 Bxd5 29. Qxd5 Qxd5 30. Rxd5 Nf6 31. Rd1 h4 32. Rd3 Kf7 33. Ne3 Rf4 34. Rb2 Ke6 35. b5 Nd7 36. bxa6 bxa6 37. Rd1 Rc8 38. Rb7 Rc6 39. Rdb1 Rf7 40. Ra7 Nc5 41. Ra8 Rb7 42. Rd1 Nb3 43. Rd5 Nd4 44. Rg8 Ne2+ 45. Kh2 Nf4 46. Rxg5 Rcc7 47. Rd2 Rg7 48. Rxg7 Rxg7 49. g3 Ng6 50. Rb2 e4 51. Rb6 Ne5 52. c5 Nf3+ 53. Kg2 Rd7 54. Rxa6 Nd4 55. cxd6 hxg3 56. fxg3 1-0

[Event "Rheinland-ch MAT B"]
[Site "Koblenz"]
[Date "2003.04.12"]
[Round "2"]
[White "Schmidt, Waldemar"]
[Black "Hardt, Bernd"]
[Result "1-0"]
[WhiteElo "1890"]
[BlackElo "1830"]
[PlyCount "101"]
[EventDate "2003.04.11"]
[EventType "tourn"]
[EventRounds "9"]
[EventCountry "GER"]
[SourceTitle "EXT 2004"]
[Source "ChessBase"]
[SourceDate "2003.11.25"]
[SourceVersion "1"]
[SourceVersionDate "2003.11.25"]
[SourceQuality "1"]

1. d4 Nf6 2. c4 g6 3. Nc3 Bg7 4. e4 d6 5. f3 0-0 6. Be3 c6 7. Bd3 e5 8. d5 a6 9. Nge2 c5 10. Qd2 Bd7 11. a3 Re8 12. 0-0 Bc8 13. b4 b6 14. Rfb1 Nbd7 15. Rb2 Nh5 16. g4 Nf4 17. Ng3 Qf6 18. Bf1 Qh4 19. bxc5 bxc5 20. Rab1 Nf6 21. Rb6 Bxg4 22. fxg4 Nxg4 23. Rxd6 Bh6 24. Nd1 Rf8 25. Rbb6 f5 26. exf5 gxf5 27. Rxh6 Nxh6 28. Nf2 Ng4 29. Nxg4 Qxg4 30. Qb2 Ng6 31. Be2 Qh4 32. Bf2 Qg5 33. Kf1 Qf4 34. Rb7 Qh4 35. Kg2 Qg5 36. Kf1 Qh4 37. Nh5 Qxh2 38. Rg7+ Kh8 39. Qb7 Qh1+ 40. Bg1 Qh3+ 41. Ke1 Qc3+ 42. Kf2 Qd4+ 43. Kf1 Qa1+ 44. Kg2 Nf4+ 45. Nxf4 exf4 46. Rxh7+ Kg8 47. Bxc5 Rab8 48. Qa7 Qc3 49. Rh3 f3+ 50. Rxf3 Qb2 51. Bd4 1-0